000 01381nab a2200217 i 4500
001 768714001
003 CO-MdFUSB
005 20240508161156.0
008 240507t1967 sp ||||| |||| 00| 0 spa d
040 _bspa
_cCO-MdFUSB
_dCO-MdFUSB
041 _aspa
100 _aManders, Hendrik,
_eautor
245 _a¿Qué relación existe entre nuestro bautismo y nuestra fe?
_c/ Hendrik Manders
520 _aUn tema que abarca la relación entre el bautismo y la fe, incluyendo la doctrina de la justificación, los sacramentos, la realidad de la presencia de Dios en el mundo (Cristo), la antropología cristiana desde muchas perspectivas; y varios otros problemas. A pesar de no ser mutuamente excluyentes, la fe y el bautismo tienen funciones distintas que varían dependiendo de si los individuos comienzan con la fe o están convencidos de una realidad divina a través del bautismo. Es diferente pensar que la gracia es un acto puramente inmanente de Dios y que, aunque es una realidad humana, es esencialmente invisible, accesible sólo por la fe.
650 7 _aLiturgia
_9206
650 7 _aFe
_9531
650 0 _a Bautismo
_91149
773 0 _049450
_982582
_oR2512
_tRevista internacional de teología Concilium
_w(CO-MdFUSB)8
_x0210-1041
_gNúmero 22, (febrero, 1967), páginas: 175 - 187
_qpágina: 175
942 _cANA
945 _aCatherine Arias Alvarez - Practicante SENA
999 _c69564
_d69564